Regions of Europe - Statistics

General Stats
  • This quiz has been taken 68 times
    42 since last reset
  • The average score is 42 of 44
Answer Stats
Country % Correct
Bosnia and Herzegovina
100%
Bulgaria
100%
Croatia
100%
Romania
100%
Serbia
100%
Slovenia
100%
Albania
97%
Belarus
97%
France
97%
Germany
97%
Greece
97%
Italy
97%
Kosovo
97%
Montenegro
97%
North Macedonia
97%
Switzerland
97%
Ukraine
97%
United Kingdom
97%
Austria
94%
Belgium
94%
Czech Republic
94%
Denmark
94%
Estonia
94%
Finland
94%
Hungary
94%
Iceland
94%
Ireland
94%
Latvia
94%
Liechtenstein
94%
Lithuania
94%
Malta
94%
Netherlands
94%
Norway
94%
Poland
94%
Portugal
94%
Russia
94%
Spain
94%
Sweden
94%
Andorra
91%
Cyprus
91%
Luxembourg
91%
Moldova
91%
Slovakia
91%
Monaco
85%
No matching quizzes found
Score Distribution
Percent of People with Each Score
Percentile by Number Answered
Your Score History
You have not taken this quiz since the last reset